The case of the purloined statues : the power of words among the Lionese

Bibliographic Details
Published in:To speak in pairs, ed. by James J. Fox, Cambridge, 1988, P. 202-227 (Cambridge studies in oral and literate culture)
Main Author: Aoki, Erica
Content type: Article
Published: 1988
Source:MPIPL_cat

MARC

LEADER 00000naa a2200000 u 4500
001 PL0052338
003 PLI01000000000000000052071
005 00000000000000.0
008 ||| u
100 1 |a Aoki, Erica 
245 0 0 |a The case of the purloined statues  |b the power of words among the Lionese  |c Erica Aoki 
260 |c 1988 
773 0 8 |t To speak in pairs  |a ed. by James J. Fox  |d Cambridge, 1988  |g P. 202-227  |k Cambridge studies in oral and literate culture  |w MPIPL_cat.PL0052330  |z 0-521-34332-1  |i In: 
952 |j 1988  |h P. 202-227 
996 |a Aufsatz 
997 |a book chapter